[Event "ITA-ch U16"]
[Site "Montesilvano"]
[Date "2015.07.03"]
[Round "7"]
[White "Gueci, Tea"]
[Black "Pizzicotti, Virginia"]
[Result "1-0"]
[WhiteElo "2171"]
[BlackElo "1655"]
[PlyCount "123"]
[EventDate "2015.06.29"]
[EventType "swiss"]
[EventRounds "9"]
[EventCountry "ITA"]
[SourceTitle "EXT 2024"]
[Source "ChessBase"]
[SourceDate "2023.10.10"]
[SourceVersion "1"]
[SourceVersionDate "2023.10.10"]
[SourceQuality "1"]

1. e4 c5 2. Nf3 d6 3. d4 cxd4 4. Nxd4 Nf6 5. Nc3 a6 6. f3 e6 7. Be3 b5 8. g4 h6 9. Qd2 Bb7 10. 0-0-0 Nbd7 11. Kb1 b4 12. Na4 Qa5 13. b3 Rd8 14. a3 Qc7 15. axb4 d5 16. e5 Nxe5 17. Nxe6 fxe6 18. Bb6 Qd7 19. Bxd8 Qxd8 20. Qe2 Qd6 21. Nc5 Bc8 22. Re1 Ned7 23. Nxe6 Kf7 24. Nd4 Nb6 25. b5 axb5 26. h4 Bd7 27. Bg2 Qc5 28. Qd3 g6 29. h5 gxh5 30. gxh5 Rg8 31. Bh3 Bxh3 32. Rxh3 Rg2 33. Ne6 Qb4 34. Nd8+ Kg7 35. Rhh1 Na4 36. Re3 d4 37. Qxd4 Qxd4 38. Ne6+ Kf7 39. Nxd4 Bc5 40. bxa4 Bxd4 41. Rd3 Bb6 42. axb5 Rg5 43. c4 Rc5 44. Rh4 Bc7 45. Ka2 Ke6 46. Kb3 Ba5 47. Rhd4 Bc7 48. Kb4 Rxh5 49. b6 Bg3 50. b7 Bc7 51. Rd8 Ba5+ 52. Ka4 Bc7 53. b8Q Bxb8 54. Rxb8 Nd7 55. Rb5 Rh1 56. Ra5 Nb6+ 57. Kb4 Rb1+ 58. Rb3 Rc1 59. Ra6 Rxc4+ 60. Ka3 Rh4 61. Rbxb6+ Kf5 62. Rxh6 1-0

[Event "ITA-ch U14 Girls"]
[Site "Tarvisio"]
[Date "2014.07.03"]
[Round "7"]
[White "Di Benedetto, Desiree"]
[Black "Pizzicotti, Virginia"]
[Result "1-0"]
[WhiteElo "1873"]
[BlackElo "1697"]
[PlyCount "77"]
[EventDate "2014.06.29"]
[EventType "swiss"]
[EventRounds "9"]
[EventCountry "ITA"]
[SourceTitle "EXT 2015"]
[Source "ChessBase"]
[SourceDate "2014.11.20"]
[SourceVersion "1"]
[SourceVersionDate "2014.11.20"]
[SourceQuality "1"]

1. e4 c5 2. Nf3 d6 3. d4 cxd4 4. Qxd4 Nc6 5. Bb5 Bd7 6. Bxc6 Bxc6 7. Nc3 Nf6 8. Bg5 e6 9. Qd3 Be7 10. Nd4 a6 11. f4 Nd7 12. Bxe7 Qxe7 13. Nxc6 bxc6 14. 0-0-0 d5 15. exd5 cxd5 16. Nxd5 Qc5 17. Nc3 Nf6 18. Qd4 Qc7 19. Qa4+ Kf8 20. Qb4+ Ke8 21. f5 e5 22. Rhe1 g6 23. Rd6 Qe7 24. Qa4+ Kf8 25. Rxa6 Rxa6 26. Qxa6 Kg7 27. Qb5 Re8 28. fxg6 hxg6 29. Qe2 Nd7 30. Qe3 Qe6 31. a3 f5 32. Rd1 Qc6 33. Qa7 Rd8 34. Nd5 Kf7 35. Nb6 Ke6 36. Nxd7 Rxd7 37. Rxd7 Qxd7 38. Qxd7+ Kxd7 39. c4 1-0